|
|
|
|
| LEADER |
01231nam a2200253 4500 |
| 003 |
GR-PaULI |
| 005 |
20250331090251.0 |
| 008 |
240402t1978 gr ||||| |||| 00| 0 gre d |
| 040 |
|
|
|a GR-PaULI
|b gre
|c GR-PaULI
|e AACR2
|
| 082 |
0 |
4 |
|2 23
|a 330.156
|
| 100 |
1 |
|
|9 202856
|a Mattick, Paul,
|d 1904-1981
|e συγγραφέας
|
| 245 |
1 |
0 |
|a Μάρξ και Κέυνς :
|b τα όρια της μικτής οικονομίας /
|c Πάουλ Μάτικ.
|
| 260 |
|
|
|a Αθήνα :
|b Οδυσσέας,
|c c1978.
|
| 300 |
|
|
|a 378 σ. ;
|c 21 εκ.
|
| 490 |
1 |
|
|a Μαρξιστική σκέψη
|
| 500 |
|
|
|a Τίτλος πρωτοτύπου: Marx and Keynes: the limits of the mixed economy.
|
| 650 |
|
4 |
|9 202863
|a Μαρξιστική οικονομική
|
| 650 |
|
4 |
|9 10491
|a Κεϋνσιανή οικονομική
|
| 650 |
|
4 |
|9 202864
|a Μικτή οικονομία
|
| 765 |
|
|
|i Μετάφραση του:
|t Marx and Keynes: the limits of the mixed economy.
|
| 830 |
|
0 |
|9 181052
|a Μαρξιστική σκέψη (Οδυσσέας)
|
| 942 |
|
|
|2 ddc
|c BK
|
| 952 |
|
|
|0 0
|1 0
|2 ddc
|4 0
|6 330_156000000000000_MAT
|7 0
|9 378995
|a PTDE
|b PTDE
|d 2024-04-02
|i 13027
|l 0
|o 330.156 MAT
|p 025000304231
|r 2024-04-02 00:00:00
|t 1
|w 2024-04-02
|y BK15
|z ΔΩΡΕΑ
|
| 999 |
|
|
|c 220318
|d 220318
|